International exchange of tax information : recent developments /

Bibliographic Details
Corporate Author: Practising Law Institute
Other Authors: Gordon, Richard A., Zagaris, Bruce
Format: Book
Language:English
Published: New York, N.Y. : Practising Law Institute, [1985]
Series:Tax law and estate planning series.
Tax law and practice course handbook series ; no. 225.
Subjects:

MARC

Tag First Indicator Second Indicator Subfields
LEADER 00000cam a2200000 a 4500
001 in00000385021
005 20151011120557.0
008 850702s1985 nyu 00000 eng d
035 |a (OCoLC)12227227 
035 |9 ABS2634AM 
040 |a CDL  |c CDL  |d TXA  |d UtOrBLW 
049 |a TXAM  |c [A08555852] 
090 |a KF6306  |b .I57 1985 
245 0 0 |a International exchange of tax information :  |b recent developments /  |c Richard A. Gordon, Bruce Zagaris, co-chairmen. 
264 1 |a New York, N.Y. :  |b Practising Law Institute,  |c [1985] 
264 4 |c ©1985 
300 |a 232 pages ;  |c 22 cm. 
336 |a text  |b txt  |2 rdacontent 
337 |a unmediated  |b n  |2 rdamedia 
338 |a volume  |b nc  |2 rdacarrier 
490 1 |a Tax law and estate planning series 
490 1 |a Tax law and practice course handbook series ;  |v no. 225 
500 |a "Prepared for distribution at the International exchange of tax information: recent developments program, June 4, 1985, New York City."--P. 5. 
650 0 |a Double taxation  |z United States  |v Treaties. 
700 1 |a Gordon, Richard A. 
700 1 |a Zagaris, Bruce. 
710 2 |a Practising Law Institute. 
830 0 |a Tax law and estate planning series. 
830 0 |a Tax law and practice course handbook series ;  |v no. 225. 
999 |a MARS 
999 f f |s bbe2423f-9878-3bc8-9156-9d45c7e7c24e  |i fd424622-50d0-3778-aa15-22a6c4bbe982  |t 0 
952 f f |p ric  |a Texas A&M University  |b Rellis Campus  |c Joint Library Facility  |d Remote Storage  |t 0  |e KF6306 .I57 1985  |h Library of Congress classification  |i unmediated -- volume  |m A14808555852 
998 f f |a KF6306 .I57 1985  |t 0  |l Remote Storage